000 00590nam a2200205Ii 4500
003 JO-AjNU
008 230606s9999||||xx |||||||||||||| ||und||
020 _a978-93-5014-542-5
040 _aJO-AjNU
_beng
_erda
_cJO-AjNU
041 _aeng
050 1 4 _aTC805.2014
100 3 _aAgarwa,v.c,
_eauthor
_94441
245 0 0 _aIrrigation Engineering and Hydraulic Structures
264 3 1 _aNew Delhi:S.K KATARIA,2014
300 _a606p
336 _atext
_btxt
_2rdacontent
337 _aunmediated
_bn
_2rdamedia
338 _avolume
_bnc
_2rdacarrier
650 4 _a Hydraulic Structures
_94442
999 _aE2306
_c2304
_d2304